| 000 | 00467nam a2200157Ia 4500 | ||
|---|---|---|---|
| 003 | SGT | ||
| 020 | _a9789380358260 | ||
| 082 |
_a620.11 _bRAN |
||
| 100 | _aRangwala | ||
| 245 | _aEngineering materials (Materials Science) | ||
| 260 |
_bCharotar Publishing House Pvt. Ltd. _aGujarat _c2010 |
||
| 300 | _a444p. | ||
| 650 | _aMECHANICAL ENGINEERING | ||
| 653 | _aPROPERTIES OF ENGINEERING MATERIALS,CLAY PRODUCTS AND REFRACTORIES BRICKS CEMENT, STEEL | ||
| 942 |
_2ddc _cBK |
||
| 999 |
_c5736 _d5736 |
||